<?xml version="1.0" encoding="UTF-8"?><?xml-stylesheet type="text/xsl" href="static/style.xsl"?><OAI-PMH xmlns="http://www.openarchives.org/OAI/2.0/" xmlns:xsi="http://www.w3.org/2001/XMLSchema-instance" xsi:schemaLocation="http://www.openarchives.org/OAI/2.0/ http://www.openarchives.org/OAI/2.0/OAI-PMH.xsd"><responseDate>2026-04-17T16:41:00Z</responseDate><request verb="GetRecord" identifier="oai:www.recercat.cat:2072/385822" metadataPrefix="marc">https://recercat.cat/oai/request</request><GetRecord><record><header><identifier>oai:recercat.cat:2072/385822</identifier><datestamp>2024-12-01T22:09:29Z</datestamp><setSpec>com_2072_98</setSpec><setSpec>col_2072_378192</setSpec></header><metadata><record xmlns="http://www.loc.gov/MARC21/slim" xmlns:dcterms="http://purl.org/dc/terms/" xmlns:xsi="http://www.w3.org/2001/XMLSchema-instance" xmlns:doc="http://www.lyncode.com/xoai" xsi:schemaLocation="http://www.loc.gov/MARC21/slim http://www.loc.gov/standards/marcxml/schema/MARC21slim.xsd">
   <leader>00925njm 22002777a 4500</leader>
   <datafield ind2=" " ind1=" " tag="042">
      <subfield code="a">dc</subfield>
   </datafield>
   <datafield ind2=" " ind1=" " tag="720">
      <subfield code="a">López Andreu, Martí</subfield>
      <subfield code="e">author</subfield>
   </datafield>
   <datafield ind2=" " ind1=" " tag="720">
      <subfield code="a">Lope Peña, Andreu</subfield>
      <subfield code="e">author</subfield>
   </datafield>
   <datafield ind2=" " ind1=" " tag="720">
      <subfield code="a">Verd Pericàs, Joan Miquel</subfield>
      <subfield code="e">author</subfield>
   </datafield>
   <datafield ind2=" " ind1=" " tag="260">
      <subfield code="c">2007</subfield>
   </datafield>
   <datafield ind2=" " ind1=" " tag="520">
      <subfield code="a">En los últimos años han ido ganando peso en Europa las políticas que, con el objetivo de crear empleo, ofrecen algún tipo de subvención al empleo. Este tipo de políticas, con dispositivos de intervención variados, se sitúan a menudo dentro del capítulo de políticas activas destinadas a la creación de empleo, vinculándose a menudo con la política europea de empleo. El artículo proviene de una investigación europea que a modo comparativo pretendía establecer diferencias y tendencias comunes y, en este sentido, consiste en una conceptualización del empleo subvencionado y de sus modalidades existentes, especialmente en España, y comparándola con medidas de otros países europeos. Finalmente, se indican tendencias que enuncian estos dispositivos en la transformación de la relación salarial.</subfield>
   </datafield>
   <datafield ind2=" " ind1=" " tag="520">
      <subfield code="a">In recent years national state policies in Europe have developed some mechanisms of subvention to employment with the objective of creating employment. This kind of subsidies, with different types of intervention, are often situated in the side of active policies, linked frequently with European employment strategy. The article derives from a comparative European research project that tries to establish differences and common tendencies in this question. In this sense, the article offers a conceptualisation of subsidised employment and its different types, especially on the Spanish case and compares it with other European countries. Finally, it shows some tendencies that announce that these interventions hint towards a wage relation mutation.</subfield>
   </datafield>
   <datafield tag="653" ind2=" " ind1=" ">
      <subfield code="a">Política d'ocupació</subfield>
   </datafield>
   <datafield tag="653" ind2=" " ind1=" ">
      <subfield code="a">Relacions laborals</subfield>
   </datafield>
   <datafield tag="653" ind2=" " ind1=" ">
      <subfield code="a">Treball subvencionat</subfield>
   </datafield>
   <datafield tag="653" ind2=" " ind1=" ">
      <subfield code="a">Empleo subvencionado</subfield>
   </datafield>
   <datafield tag="653" ind2=" " ind1=" ">
      <subfield code="a">Relaciones laborales</subfield>
   </datafield>
   <datafield tag="653" ind2=" " ind1=" ">
      <subfield code="a">Subsidised employment</subfield>
   </datafield>
   <datafield tag="653" ind2=" " ind1=" ">
      <subfield code="a">Labour Relations</subfield>
   </datafield>
   <datafield ind2="0" ind1="0" tag="245">
      <subfield code="a">El empleo subvencionado : entre las políticas activas de empleo y la mutación del salario</subfield>
   </datafield>
</record></metadata></record></GetRecord></OAI-PMH>